|
|
|
|
| LEADER |
00000nab a2200000 a 4500 |
| 001 |
vtls000198943 |
| 003 |
SK-MaSNL |
| 005 |
20260303223855.0 |
| 008 |
160201c1984 xo 0 cze |
| 015 |
|
|
|a SNBRA19rr/mm-uuuuu
|
| 035 |
|
|
|a CL0209056
|
| 040 |
|
|
|a SNKBUCL
|b slo
|c SNKBUCL
|e AACR2
|
| 041 |
0 |
|
|a cze
|
| 044 |
|
|
|a xo
|c SK
|
| 080 |
|
|
|a 621.9.06
|2 1981
|
| 080 |
|
|
|a 681.3
|2 1981
|
| 100 |
1 |
|
|a Hosnedl, S.
|4 aut
|9 1258946
|
| 245 |
1 |
0 |
|a Racionalizace výpočtových analýz v technické přípravě výroby
|c S. Hosnedl
|
| 300 |
|
|
|b Lit. 3 zázn. v češ.
|
| 650 |
0 |
7 |
|a príprava výroby technická
|2 snkbucl
|9 921239
|
| 650 |
0 |
7 |
|a mechanizmy pohonné
|2 snkbucl
|9 1258947
|
| 650 |
0 |
7 |
|a výpočtová technika
|2 snkbucl
|9 1126
|
| 655 |
|
7 |
|a články zo zborníkov
|2 snkbucl
|9 166140
|
| 773 |
0 |
|
|t Metodika konštruovania v praxi
|d Bratislava : Dom techniky ČSVTS, 1984
|
| 850 |
|
|
|a Slovenská národná knižnica v Martine
|a MTA001
|
| 852 |
|
|
|a SNK
|b KIS3GCP
|
| 958 |
|
|
|a RK
|
| 958 |
|
|
|a CZ
|
| 992 |
|
|
|a RZB
|
| 999 |
|
|
|c 2249656
|d 2251586
|